003540000a22001330004500060000800000082001400008100002000022100002200042245004100064260005500105260000900160300000800169650004300177 a100 a641.3 HUL aHulse, Joseph H aLaing, Evangeline aNutritive value of triticale protein aCanada, Iinternational development research centre c1974 a183 aPlant proteins- human use/ food stuffs